| 000 | 00675nam a2200217 i 4500 | ||
|---|---|---|---|
| 001 | 72627 | ||
| 003 | ES-MaACL | ||
| 007 | t| | ||
| 008 | 040902s1985 sp ||||1| spa d | ||
| 020 | _a84-7339-725-8 | ||
| 100 | 1 |
_aGodoy, Jack. _957537 |
|
| 245 | 1 | 3 |
_aLa domesticación del pensamiento salvaje / _cJack Godoy ; traducción, Marco Virgilio García Quintela. |
| 260 |
_aMadrid : _bAkal, _c[1985] |
||
| 300 |
_a188 p. ; _c22 cm. |
||
| 490 | 1 |
_aAkal universitaria ; _v71 |
|
| 504 | _aBibliografía. | ||
| 700 | 1 |
_aGarcía Quintela, Marco Virgilio. _955146 |
|
| 830 | 0 |
_aAkal universitaria ; _v71 _9177901 |
|
| 852 |
_aES-MaACL _jL-9406 _bR.111124 |
||
| 999 |
_c72627 _d72627 |
||